| 000 | 01439cam a22002891i 4500 | ||
|---|---|---|---|
| 003 | SA-RiAUC | ||
| 005 | 20250828062758.0 | ||
| 008 | 250824q19701979ku g f000 0 ara c | ||
| 040 |
_aSA-JeALM _bara _cSA-RiAUC _erda |
||
| 082 | 0 | 4 |
_a253.93 _qSA-RiAUC |
| 090 |
_a253.93 _bع ب د ل |
||
| 100 | 1 |
_aعبد الله، عبد الله محمد _eمؤلف. |
|
| 245 | 1 | 0 |
_aأطفال بلا أسر : _bدراسة في الفقه الإسلامي والقانون في حقوق اللقيط على المجتمع وما يتعلق بحضانته والولاية عليه ومسئوليته الجنائية والمدنية وطرق إثبات ونفي النسب / _cعبد الله محمد عبد الله. |
| 250 | _aالطبعة الأولى. | ||
| 264 | 1 |
_aالكويت : _bمطبعة حكومة الكويت، _c[بين 1970 و1979] |
|
| 300 |
_a269 صفحة ؛ _c24 سم |
||
| 336 |
_aنص _btxt _2rdacontent _3كتاب |
||
| 337 |
_aبدون وسيط _bn _2rdamedia |
||
| 338 |
_aمجلد _bnc _2rdacarrier |
||
| 500 | _aإهداء من المؤلف عبد الله محمد عبد الله بتاريخ 1409/5/4 هـ | ||
| 650 | 7 |
_aالنسب (فقه إسلامي) _2aucsh |
|
| 650 | 7 |
_aاللقطة (فقه إسلامي) _2aucsh |
|
| 650 | 7 |
_aالنسب _xقوانين وتشريعات _2aucsh |
|
| 650 | 7 |
_aاللقطاء (فقه إسلامي) _2aucsh |
|
| 942 |
_2ddc _cBOOK _n0 |
||
| 949 |
_aSA-JeALM _d250824 _umohamedma123 _n1 |
||
| 999 |
_c11233 _d11233 |
||